LEADER 00979nam a2200253 i 4500 001 000000223935 003 CaOOAMICUS 005 20131022000000.0 008 131022s2013 it u000 u ita u 013 $a202833 020 $a978-88-6783-028-2 040 $aSeMil$bita 100 1 $aMauri, Cristiano,$d<1972- >.$0(OLS)http://semarc/name/93935 245 13$aLa bottega del vasaio :$buna nuova rete per la Chiesa /$cCristiano Mauri. 260 $aTorino :$bAdd,$c2013. 300 $a221 p. ;$c19 cm. 490 0 $aAdd ;$v41 830 0$aAdd ;$v41.$0(OLS)http://semarc/title/39269 850 $aSeMil 852 $aSeMil$W1$xVenegono$y1$m3F IV 462$j174281$B174281$CSeMilBibl$Z2$F185919 $81 961 $aOmaggio: Delpini mons. Mario 996 $6020$a978-88-6783-028-2$9(OLS)http://semarc/number/224228 996 $6245$aLa bottega del vasaio :$buna nuova rete per la Chiesa$9(OLS)http://semarc/title/321037 996 $6260$aTorino :$bAdd$9(OLS)http://semarc/publisher/37932 LEADER 01297nam a2200265 i 4500 001 000000051673 003 CaOOAMICUS 005 20231013114220.0 008 130118s1641 fr u000 u lat u 013 $a22845 026 $aE.e, n.r- 8.s, moel (3) 1641 (R) 040 $aSeMil$bita 100 1 $aBarbosa, Agostinho,$d<1590-1649>.$0(OLS)http://semarc/name/12484 245 10$a1. 300 $a2 pt. ([36], 176; 8, 185-480 [i.e. 478], [114] p.) :$bill. 500 $aSegn.: *6 2*-4*4 A-Y4; A-3P4 à-3ò4 500 $aLe p. 433-434 ripetute nella numerazione 500 $aRitratto calcogr. dell'A. a c. *1 v. 773 0 $aBarbosa, Agostinho, <1590-1649>$tAugustini Barbosae i.v.d. Lusitani ... Pastoralis solicitudinis, sive De officio, et potestate episcopi, tripartita descripti ... Quae toto hoc opere contineantur, sequens pagina indicabit.$bNunc demum ab ipso auctore recognita, variis resolutionibus exornata, & multis doctorum citationibus, aliisque accessionibus, ...$dLugduni : Sumptibus Laurentii Durand, 1641.$g1$w()27939 850 $aSeMil 852 $aSeMil$W1$xVenegono$y1$m2F VI 77 FA$j17828$B17828$CSeMilBibl$Z2$F17829 $8I 941 1 $a10 961 $aRecupero: Mantegazza 996 $6245$a1$9(OLS)http://semarc/title/6508